Me again : uncollected writings of Stevie Smith /

Bibliographic Details
Main Author: Smith, Stevie, 1902-1971
Other Authors: Barbera, Jack, McBrien, William
Format: Book
Language:English
Published: New York : Farrar, Straus, and Giroux, 1982, 1981.

MARC

Tag First Indicator Second Indicator Subfields
LEADER 00000cam a22000008a 4500
001 in00000090048
005 20151008065533.0
008 820325r1982 nyua 00110 eng
010 |a  82005062  
020 |a 0374204942 :  |c $15.95 
035 |a (OCoLC)08347323 
035 |9 AAK6131AM 
039 0 |a 2  |b 3  |c 3  |d 3  |e 3 
040 |a DLC  |c DLC  |d TXA  |d UtOrBLW 
049 |a TXAM  |c [388594] 
050 1 0 |a PR6037 M43  |b  A6 1982a 
082 0 |a 821/.52  |2 19 
100 1 |a Smith, Stevie,  |d 1902-1971. 
240 1 0 |a Works.  |k Selections.  |f 1982 
245 1 0 |a Me again :  |b uncollected writings of Stevie Smith /  |c  illustrated by herself ; edited by Jack Barbera & William McBrien ; with a preface by James MacGibbon. 
263 |a 8205 
264 1 |a New York :  |b Farrar, Straus, and Giroux,  |c 1982, 1981. 
300 |a xvi, 360 pages :  |b illustrations ;  |c 22 cm. 
336 |a text  |b txt  |2 rdacontent 
337 |a unmediated  |b n  |2 rdamedia 
338 |a volume  |b nc  |2 rdacarrier 
500 |a Reprint. Originally published: London : Virago, 1981. 
500 |a Includes index. 
700 1 |a Barbera, Jack. 
700 1 |a McBrien, William. 
999 |a MARS 
999 f f |s 6ac5d272-7fd3-3c53-a7fb-6148efc1d09a  |i 29c2aaa8-6bb3-39ed-ad0f-ee1444ca2a2d  |t 0 
952 f f |p normal  |a Texas A&M University  |b College Station  |c Sterling C. Evans Library  |d Evans: Library Stacks  |t 0  |e PR6037 M43 A6 1982a  |h Library of Congress classification  |i unmediated -- volume  |m A14805979641 
998 f f |a PR6037 M43 A6 1982a  |t 0  |l Evans: Library Stacks